Statistics for Top Wedding Songs

Click here to take the quiz!

General Stats

  • This quiz has been taken 101 times
  • The average score is 21 of 50

Answer Stats

SongMusical Act% Correct
Just the Way You AreBruno Mars
90%
TreasureBruno Mars
90%
Marry YouBruno Mars
90%
Crazy In LoveBeyoncé
88%
Single Ladies (Put a Ring on It)Beyoncé
88%
Thinking Out LoudEd Sheeran
83%
All of MeJohn Legend
76%
HappyPharrell Williams
72%
I Wanna Dance with Somebody (Who Loves Me)Whitney Houston
72%
I Gotta FeelingThe Black Eyed Peas
71%
Don't Stop Believin'Journey
69%
Can't Help Falling in LoveElvis Presley
66%
A Thousand YearsChristina Perri
62%
Hey Ya!OutKast
60%
Blurred LinesRobin Thicke
58%
Uptown FunkMark Ronson
57%
I'm YoursJason Mraz
51%
LuckyJason Mraz
51%
I Won't Give UpJason Mraz
51%
Ho HeyThe Lumineers
49%
Get LuckyDaft Punk
48%
Wake Me UpAvicii
45%
Make You Feel My LoveAdele
41%
SeptemberEarth, Wind & Fire
40%
My GirlThe Temptations
38%
Latch - AcousticSam Smith
36%
Brown Eyed GirlVan Morrison
36%
At LastEtta James
35%
Signed, Sealed, Delivered (I'm Yours)Stevie Wonder
35%
Can't Hold UsMacklemore
33%
Wonderful TonightEric Clapton
30%
FancyIggy Azalea
30%
How Long Will I Love YouEllie Goulding
27%
Come Away With MeNorah Jones
26%
Let's Stay TogetherAl Green
23%
Better TogetherJack Johnson
21%
Marry MeTrain
21%
Rather BeClean Bandit
19%
EverythingMichael Bublé
17%
Marry MeJason Derulo
15%
Best Day Of My LifeAmerican Authors
13%
Cupid ShuffleCupid
9%
The LuckiestBen Folds
3%
First Day of My LifeBright Eyes
3%
I DoColbie Caillat
3%
HomeEdward Sharpe & The Magnetic Zeros
3%
You Are the Best ThingRay LaMontagne
3%
I Choose YouSara Bareilles
2%
You and IIngrid Michaelson
1%
Stuck On YouMeiko
1%

Score Distribution

Percentile by Number Answered

Percent of People with Each Score

Your Score History

You have not taken this quiz